| 000 | 00586nam a2200169Ia 4500 | ||
|---|---|---|---|
| 008 | 090201s9999 xx 000 0 und d | ||
| 010 | _aKPL-20578 | ||
| 040 | _bमराठी | ||
| 041 | _aमराठी | ||
| 082 |
_a22816 _b20578 |
||
| 100 | _aसरोजिनी शारंगपाणी | ||
| 245 |
_aगुन्हेगारांचे जग _cसरोजिनी शारंगपाणी |
||
| 260 |
_c2004 _bसरोज प्रकाशन |
||
| 300 |
_a368 _bलहान |
||
| 600 | _aगुन्हेगारांचे जग | ||
| 942 | _cBOOK | ||
| 999 |
_c222330 _d222330 |
||